000 00342 a2200133 4500
005 20250614073650.0
020 _a0-330-26927-5
082 _aLECT 658.8 MAX
100 _aMAXWELL, R. G.
245 _aMarketing, A Fresh Approach
260 _aLondon,
_bPan Books Ltd,
_c1983.
300 _a315p.: ill.; figure.
_bIndex.
_c20cm.
942 _2ddc
_cBKS
999 _c4035
_d4035